| 000 | 00475nam a2200181Ia 4500 | ||
|---|---|---|---|
| 008 | 240925s9999 xx 000 0 und d | ||
| 020 | _a91227704 | ||
| 082 | _a796.44 KIL | ||
| 100 | _aKilburn ,J. M. | ||
| 245 | 0 | _aOverthrows: a book of cricket | |
| 250 | _aNA | ||
| 260 |
_aLondon: _bStanley Paul & Co _c,1975. |
||
| 300 |
_a320p. _bN.A _fOriginal |
||
| 500 | _aIncludes Index | ||
| 600 | _aHumanities & Natural Science | ||
| 650 | _aArts and Recreation | ||
| 942 | _cBK | ||
| 999 |
_c12051 _d12051 |
||